Devine la série en 3 mots #2 - Statistiques

Statistiques générales
  • Ce quiz a été pris 190 fois
  • Le résultat moyen est 5 sur 10
Statistiques - réponses
3 mots Série % Correct
Survie, Jeu, Argent Squid Game
83%
Hôpital, Relations, Drame Grey’s Anatomy
71%
Drogue, Cartel, Traque Narcos
61%
Île, Mystère, Survivants Lost
54%
Geek, Science, Amitié The Big Bang Theory
49%
Avocats, Secret, Stratégie Suits
48%
Star Wars, Mercenaire, Aventure The Mandalorian
44%
Adolescence, Dépendance, Drogues Euphoria
31%
Gang, Famille, Ambition Peaky Blinders
28%
Monstres, Magie, Destin The Witcher
7%
Aucun quiz correspondant
Distribution des résultats
% des personnes avec chaque résultat
Percentile par nombre de réponses
Votre historique - résultats
Vous n’avez pas pris ce quiz